Abril, tu cuerpo amado / (Registro nro. 7092)
[ vista simple ]
| 000 -LEADER | |
|---|---|
| fixed length control field | 00705nam a2200253 a 4500 |
| 001 - CONTROL NUMBER | |
| control field | 000009905 |
| 003 - CONTROL NUMBER IDENTIFIER | |
| control field | 000009905 |
| 005 - DATE AND TIME OF LATEST TRANSACTION | |
| control field | 20180117095235.0 |
| 008 - FIXED-LENGTH DATA ELEMENTS--GENERAL INFORMATION | |
| fixed length control field | 091002s2005 dr 000 p spa d |
| 020 ## - INTERNATIONAL STANDARD BOOK NUMBER | |
| Canceled/invalid ISBN | 999345592 |
| 040 ## - CATALOGING SOURCE | |
| Original cataloging agency | BPMSU |
| Language of cataloging | spa |
| Transcribing agency | BPMSU |
| 049 ## - LOCAL HOLDINGS (OCLC) | |
| Holding library | |
| 082 #4 - DEWEY DECIMAL CLASSIFICATION NUMBER | |
| Classification number | RD861.44 |
| Item number | L258a |
| 100 1# - MAIN ENTRY--PERSONAL NAME | |
| Personal name | Landolfi, Ciriaco |
| 245 10 - TITLE STATEMENT | |
| Title | Abril, tu cuerpo amado / |
| Statement of responsibility, etc. | Ciriaco Landolfi. |
| 260 ## - PUBLICATION, DISTRIBUTION, ETC. (IMPRINT) | |
| Place of publication, distribution, etc. | Santo Domingo : |
| Name of publisher, distributor, etc. | Corripio, |
| Date of publication, distribution, etc. | 2005. |
| 300 ## - PHYSICAL DESCRIPTION | |
| Extent | 74 p. ; |
| Dimensions | 22 cm. |
| 650 #4 - SUBJECT ADDED ENTRY--TOPICAL TERM | |
| Topical term or geographic name as entry element | POESÍA DOMINICANA |
| 650 #4 - SUBJECT ADDED ENTRY--TOPICAL TERM | |
| Topical term or geographic name as entry element | LITERATURA DOMINICANA |
| 910 ## - USER-OPTION DATA (OCLC) | |
| User-option data | Validado. Control de calidad BNPHU. |
| 942 ## - ADDED ENTRY ELEMENTS (KOHA) | |
| Source of classification or shelving scheme | Dewey Decimal Classification |
| Koha item type | Libros |
| 945 ## - LOCAL PROCESSING INFORMATION (OCLC) | |
| a | Inventariado / 2017 VM |
| 956 ## - LOCAL ELECTRONIC LOCATION AND ACCESS (OCLC) | |
| Host name | VMATEO |
| Access number | 10 |
| Compression information | 20150728 |
| Logon | BPMSU |
| Processor of request | 00151 |
| Withdrawn status | Lost status | Source of classification or shelving scheme | Damaged status | Not for loan | Collection code | Home library | Current library | Date acquired | Source of acquisition | Total Checkouts | Full call number | Barcode | Date last seen | Price effective from | Koha item type |
|---|---|---|---|---|---|---|---|---|---|---|---|---|---|---|---|
| Dewey Decimal Classification | Colección Dominicana | Biblioteca Pública Metropolitana Salomé Ureña | Biblioteca Pública Metropolitana Salomé Ureña | 07/07/2014 | FUNDI | RD861.44 L258a | BPMSU15040452 | 07/07/2014 | 07/07/2014 | Libros |